000 00530nam a2200181Ia 4500
005 20250326125408.0
008 250326s9999 xx 000 0 und d
037 _aTextbook
040 _aFMSL
_beng
_cFMSL
041 _aeng
_2eng
084 _aX9B615:28 L8
_qFMSL
100 _aNewbould G D
_9739004
245 0 _aGoing international
_cNewbould G D; Buckley P J And Others
260 _aLondon
_bLondon, Associated Business
_c1978
300 _a248p
942 _cTB
_hX9B615:28 L8
999 _c1277864
_d1277864